Comprehensive psychiatry

Bibliographic Details
Corporate Author: American Psychopathological Association
Format: Electronic Journal
Language:English
Published: [Philadelphia, Pa.] : W.B. Saunders
Subjects:
Online Access:Full text available from Research Library: 01/01/2003 to present

MARC

LEADER 00000nas a22000007a 4500
001 ssj0008884
003 WaSeSS
005 20200512172242.0
006 m d
007 cr n
008 001207c19609999paubr pss 0 a0eng c
010 |a  00213208  
016 7 |a 2049049-5  |2 DE-600 
022 |a 1532-8384  |l 0010-440X  |y 0010-440X 
035 |a (WaSeSS)ssj0008884 
037 |b W.B. Saunders Company, The Curtis Center, 625 Walnut Street, Philadelphia, PA 18106-3399 
040 |a NSD  |b eng  |c NSD  |d OCLCQ  |d SBH  |d OCL  |d OCLCQ  |d OPELS  |d DLC  |d OCLCF  |d OCLCO  |d OCLCQ  |d OCLCO  |d OCLCQ  |d BUF  |d U3W  |d WYU  |d VT2  |d SFB  |d OCLCQ  |d GWM  |d AUD  |d WaSeSS 
042 |a nsdp  |a pcc 
050 1 4 |a RC321 
060 0 0 |a W1  |b CO453 
082 1 0 |a 616  |2 13 
130 0 |a Comprehensive psychiatry (Online) 
210 0 |a Compr. psych.  |b (Online) 
222 0 |a Comprehensive psychiatry  |b (Online) 
245 1 0 |a Comprehensive psychiatry  |h [electronic resource]. 
260 |a [Philadelphia, Pa.] :  |b W.B. Saunders 
310 |a Bimonthly 
362 1 |a Print began with vol. 1 (Feb. 1960). 
506 |a License restrictions may limit access. 
550 |a Official Journal of the American Psychopathological Association. 
588 |a Description based on: Vol. 41, no. 5 (Sept./Oct. 2000); title from table of contents (viewed Dec. 7, 2000). 
650 0 |a Psychiatry  |v Periodicals. 
650 2 |a Psychiatry  |v Periodicals. 
650 7 |a Psychiatry.  |2 fast  |0 (OCoLC)fst01081152 
655 0 |a Electronic journals. 
710 2 |a American Psychopathological Association. 
776 0 8 |i Print version:  |t Comprehensive psychiatry  |x 0010-440X  |w (DLC) 63024090  |w (OCoLC)1564585 
856 4 0 |z Full text available from Research Library: 01/01/2003 to present  |u https://search.proquest.com/publication/1226356